LEADER 01152nam a2200265 i 4500 001 000000156159 003 CaOOAMICUS 005 20061129000000.0 008 061129s1965 it u000 u ita u 013 $a133514 040 $aSeMil$bita 245 10$aLorenzo Lotto /$c[Pietro Zampetti]. 246 04$iTitolo in copertina:$aLotto 260 $aMilano :$bFabbri,$ccopyr. 1965. 300 $a[6] p., 17. p. di tav. :$bill. ;$c36 cm. 490 0 $aI maestri del colore : la pił grande collana d'arte del mondo ;$v115 500 $aFormulazione di responsabilitą ricavata dal testo. 600 14$aLotto, Lorenzo <1480-1556 ca.>.$0(OLS)http://semarc/subject/18251 700 1 $aZampetti, Pietro.$0(OLS)http://semarc/name/41324 830 2$aI maestri del colore : la pił grande collana d'arte del mondo ;$v115.$0(OLS)http://semarc/title/2091 850 $aSeMil 852 $aSeMil$W1$xVenegono$y1$m5G XII 12/115$j107961$B107961$CSeMilBibl$Z2$F117589 $81 996 $6245$aLorenzo Lotto$9(OLS)http://semarc/title/228865 996 $6246$aLotto$9(OLS)http://semarc/title/151856 996 $6260$aMilano :$bFabbri$9(OLS)http://semarc/publisher/30054 LEADER 01284nam a2200265 i 4500 001 000000047352 003 CaOOAMICUS 005 20040901000000.0 008 040901s1985 it u000 u ita u 013 $a18522 040 $aSeMil$bita 245 10$a1: 1924-1928 /$ca cura di Gabriele De Rosa. 300 $a370 p., [12] p. di tav. :$b[2] ritratti. 650 4$aEpistolari.$0(OLS)http://semarc/subject/1376 650 4$aPartito popolare italiano <1919-1926> - Storia.$0(OLS)http://semarc/subject/73 650 4$aSturzo, Luigi - Lettere e carteggi.$0(OLS)http://semarc/subject/74 650 4$aSturzo, Mario - Lettere e Carteggi.$0(OLS)http://semarc/subject/75 700 1 $aDe Rosa, Gabriele,$d<1917-2009>.$0(OLS)http://semarc/name/220 700 1 $aSturzo, Mario .$0(OLS)http://semarc/name/415 700 1 $aSturzo, Luigi,$c.$0(OLS)http://semarc/name/414 773 0 $aSturzo, Luigi $tCarteggio.$dRoma : Edizioni di Storia e Letteratura, 1985.$g1$w()574 850 $aSeMil 852 $aSeMil$W1$xVenegono$y1$m3N VI 326$j13507$B13507$CSeMilBibl$Z2$F13507 $81 961 $aRecupero: Conti Franco 996 $6245$a1: 1924-1928$9(OLS)http://semarc/title/71304